[Event "Copa Latina 2015"]
[Site "Vicente Lopez ARG"]
[Date "2015.03.23"]
[Round "6.27"]
[White "Besso, Guadalupe"]
[Black "Malbran, Guillermo"]
[Result "0-1"]
[WhiteElo "2065"]
[BlackElo "2250"]
[PlyCount "46"]
[EventDate "2015.03.19"]
[EventType "swiss"]
[EventRounds "9"]
[EventCountry "ARG"]
[Source "lmi"]
[SourceDate "2015.03.19"]

1. d4 Nf6 2. c4 c5 3. d5 b5 4. cxb5 a6 5. bxa6 g6 6. Nc3 Bxa6 7. g3 d6 8. Bg2
Nbd7 9. Nf3 Nb6 10. O-O Bg7 11. Rb1 Bc4 12. b3 Nfxd5 13. Ne4 Ba6 14. Nfg5 h6
15. Nh3 f5 16. Neg5 hxg5 17. Nxg5 Nc3 18. Bc6+ Nd7 19. Qd2 Nxe2+ 20. Kg2 Nd4
21. Re1 Qc8 22. Bxa8 Qxa8+ 23. f3 Ne5 0-1

[Event "Copa Latina 2015"]
[Site "Vicente Lopez ARG"]
[Date "2015.03.23"]
[Round "6.32"]
[White "Ruperez, Miguel"]
[Black "Cabrera Pando, Ramiro"]
[Result "1-0"]
[WhiteElo "2194"]
[BlackElo "2033"]
[PlyCount "51"]
[EventDate "2015.03.19"]
[EventType "swiss"]
[EventRounds "9"]
[EventCountry "ARG"]
[Source "lmi"]
[SourceDate "2015.03.19"]

1. d4 g6 2. g3 Bg7 3. Bg2 c5 4. dxc5 Qa5+ 5. c3 Qxc5 6. e4 d6 7. Be3 Qc7 8. Ne2
Nf6 9. h3 O-O 10. O-O Rd8 11. Na3 a6 12. g4 b5 13. Ng3 Bb7 14. f4 Nfd7 15. Qd2
Nc5 16. Qf2 Nbd7 17. g5 Rac8 18. Rad1 Bc6 19. Rfe1 Qb7 20. Nc2 Qa8 21. Nb4 Bb7
22. Nd5 Bf8 23. f5 Bxd5 24. exd5 Ne5 25. Bxc5 Rxc5 26. Rxe5 1-0

[Event "Copa Latina 2015"]
[Site "Vicente Lopez ARG"]
[Date "2015.03.23"]
[Round "6.33"]
[White "Sanchez Sandoval, Gonzalo"]
[Black "Paolini, Claudio"]
[Result "1-0"]
[WhiteElo "2193"]
[BlackElo "1935"]
[PlyCount "153"]
[EventDate "2015.03.19"]
[EventType "swiss"]
[EventRounds "9"]
[EventCountry "ARG"]
[Source "lmi"]
[SourceDate "2015.03.19"]

1. e4 c5 2. Nf3 e6 3. d4 cxd4 4. Nxd4 a6 5. Bd3 Nf6 6. O-O Qc7 7. Qe2 d6 8. f4
Nbd7 9. c4 Be7 10. Nc3 Qc5 11. Be3 Qh5 12. Qxh5 Nxh5 13. Nf3 Nhf6 14. h3 O-O
15. e5 Ne8 16. Ne4 dxe5 17. fxe5 b6 18. Rad1 Bb7 19. Neg5 Bxf3 20. Nxf3 Bc5 21.
Bxc5 Nxc5 22. Bc2 a5 23. Ng5 g6 24. Rd4 Ng7 25. g4 h6 26. Ne4 Nxe4 27. Bxe4
Rac8 28. Bg2 Rc5 29. Re1 Rfc8 30. Bf1 Ne8 31. Kf2 Nc7 32. Kf3 b5 33. Ke4 bxc4
34. Rxc4 Nd5 35. Rec1 Rxc4+ 36. Rxc4 Rb8 37. Rc5 Rxb2 38. Rxa5 Nc3+ 39. Kd4
Nxa2 40. Bc4 Nc1 41. Ra1 Ne2+ 42. Ke3 Nc3 43. Ra8+ Kg7 44. Ra7 Kf8 45. Ra8+ Kg7
46. Kd4 Nd5 47. Bxd5 exd5 48. Kxd5 Rd2+ 49. Ke4 Rd7 50. Ra6 Rb7 51. Kd5 Rd7+
52. Rd6 Ra7 53. Rb6 Rd7+ 54. Kc6 Re7 55. Rb5 g5 56. Kd6 Re6+ 57. Kd5 Kg6 58.
Ke4 h5 59. gxh5+ Kxh5 60. Kf5 Rg6 61. Rb7 g4 62. hxg4+ Rxg4 63. Rxf7 Rg5+ 64.
Kf6 Rg6+ 65. Ke7 Ra6 66. Rg7 Kh6 67. Rg1 Ra2 68. e6 Kh7 69. Kf8 Rf2+ 70. Ke8
Rf3 71. e7 Rd3 72. Rg5 Rd2 73. Kf7 Rf2+ 74. Ke6 Ra2 75. e8=Q Ra6+ 76. Kf5 Ra5+
77. Kf4 1-0

[Event "Copa Latina 2015"]
[Site "Vicente Lopez ARG"]
[Date "2015.03.23"]
[Round "6.36"]
[White "Lo Presti, Roberto"]
[Black "Fabrega, Enrique"]
[Result "0-1"]
[WhiteElo "1950"]
[BlackElo "2146"]
[PlyCount "178"]
[EventDate "2015.03.19"]
[EventType "swiss"]
[EventRounds "9"]
[EventCountry "ARG"]
[Source "lmi"]
[SourceDate "2015.03.19"]

1. e4 e5 2. Nf3 Nf6 3. Nxe5 d6 4. Nf3 Nxe4 5. Nc3 Nxc3 6. dxc3 Be7 7. Be3 Nc6
8. Qd2 Bg4 9. O-O-O Qd7 10. Be2 Bf6 11. h3 Be6 12. Kb1 a6 13. g4 h6 14. Rhe1
O-O-O 15. Nd4 Nxd4 16. Bxd4 Bxd4 17. Qxd4 g5 18. f4 gxf4 19. Qxf4 d5 20. Bf3
Qd6 21. Qd4 Kb8 22. Qe5 Qxe5 23. Rxe5 c6 24. Kc1 Kc7 25. Rde1 Kd6 26. R5e3 Rde8
27. Kd2 Bd7 28. b4 Rxe3 29. Rxe3 Re8 30. Rxe8 Bxe8 31. Ke3 Ke5 32. Be2 Bd7 33.
Bd3 Bc8 34. a4 b6 35. a5 bxa5 36. bxa5 c5 37. Be2 Bb7 38. h4 f6 39. Bf1 Bc8 40.
Be2 Bb7 41. Bf1 d4+ 42. cxd4+ cxd4+ 43. Kd2 Kd6 44. c3 dxc3+ 45. Kxc3 Kc5 46.
Bd3 Bc8 47. Be2 Kd5 48. Kb4 Kd4 49. Bd1 Bb7 50. Bc2 Bc8 51. Bd1 Bb7 52. g5 fxg5
53. hxg5 hxg5 54. Bg4 Be4 55. Bc8 Bd3 56. Bg4 Bf1 57. Bc8 Be2 58. Bd7 Kd3 59.
Kb3 Kd2 60. Kb2 Bc4 61. Bc8 Kd3 62. Bg4 Kd4 63. Ka3 Kc5 64. Ka4 Bd3 65. Bd1 Kc4
66. Bb3+ Kc5 67. Bd1 Bc4 68. Bg4 Bb5+ 69. Ka3 Bc6 70. Be2 Bb5 71. Bg4 Bd3 72.
Bd7 Bc2 73. Kb2 Bd1 74. Ka3 Kc4 75. Bc8 Kb5 76. Be6 Kxa5 77. Bd7 Kb6 78. Bf5
Kc5 79. Bc8 a5 80. Bf5 Kd4 81. Bd7 Ke3 82. Be6 Kf4 83. Bd7 Bg4 84. Bc6 Bf5 85.
Ka4 g4 86. Bg2 g3 87. Kxa5 Ke3 88. Kb4 Kf2 89. Ba8 Bg4 0-1

[Event "Copa Latina 2015"]
[Site "Vicente Lopez ARG"]
[Date "2015.03.23"]
[Round "6.37"]
[White "Puppi Lazo, Jorge Luis"]
[Black "Dolezal, Cristian"]
[Result "1-0"]
[WhiteElo "2022"]
[BlackElo "2457"]
[PlyCount "67"]
[EventDate "2015.03.19"]
[EventType "swiss"]
[EventRounds "9"]
[EventCountry "ARG"]
[Source "lmi"]
[SourceDate "2015.03.19"]

1. d4 Nf6 2. Nf3 h6 3. c4 c5 4. Nc3 g5 5. e4 g4 6. e5 gxf3 7. exf6 Nc6 8. dxc5
fxg2 9. Bxg2 Rg8 10. O-O d6 11. fxe7 Bxe7 12. Bf4 Bh3 13. Bg3 Bxg2 14. Kxg2
dxc5 15. Qh5 Rg6 16. Nd5 Kf8 17. f4 Bh4 18. Rae1 Bxg3 19. f5 Rg7 20. f6 Rg6 21.
hxg3 Qd6 22. Nf4 Rxf6 23. Ne6+ Ke7 24. Rxf6 Qd2+ 25. Re2 Qxe2+ 26. Qxe2 Kxf6
27. Nxc5 Rd8 28. Nxb7 Rc8 29. Nd6 Rd8 30. Ne8+ Kg5 31. Qe3+ Kf5 32. Qf3+ Ke6
33. Qxc6+ Ke7 34. Nc7 1-0

[Event "Copa Latina 2015"]
[Site "Vicente Lopez ARG"]
[Date "2015.03.23"]
[Round "6.38"]
[White "Ortiz, Andres"]
[Black "Palu, Andres"]
[Result "0-1"]
[WhiteElo "2195"]
[BlackElo "1995"]
[PlyCount "98"]
[EventDate "2015.03.19"]
[EventType "swiss"]
[EventRounds "9"]
[EventCountry "ARG"]
[Source "lmi"]
[SourceDate "2015.03.19"]

1. e4 c5 2. Nf3 g6 3. d4 cxd4 4. Nxd4 Bg7 5. c4 Nc6 6. Be3 Nf6 7. Nc3 d6 8. Be2
Bd7 9. f3 O-O 10. Qd2 a6 11. O-O Rb8 12. a4 a5 13. Ncb5 b6 14. Rfd1 Nb4 15. Bh6
Bxb5 16. Bxg7 Kxg7 17. Nxb5 Qc8 18. g4 Nd7 19. Qc3+ Kg8 20. Rd2 Nc5 21. b3 Ne6
22. Bf1 Qc5+ 23. Kh1 Nc6 24. Rad1 Qg5 25. Qd3 Kg7 26. Qe2 h5 27. gxh5 Qxh5 28.
Qe3 Qh4 29. Rg2 Rh8 30. Rdd2 Ne5 31. Nd4 Nxd4 32. Rxd4 Rh7 33. Rdd2 Rbh8 34.
Kg1 Kf8 35. Rg3 f5 36. Rh3 Qxh3 37. Bxh3 Rxh3 38. Rf2 Ng4 39. Qxb6 Nxf2 40.
Kxf2 f4 41. Ke2 Rxh2+ 42. Kd3 R8h3 43. e5 Rxf3+ 44. Ke4 Re3+ 45. Kxf4 Rxe5 46.
b4 Rh4+ 47. Kf3 Rxc4 48. bxa5 Rxa4 49. Qb8+ Kg7 0-1

[Event "Copa Latina 2015"]
[Site "Vicente Lopez ARG"]
[Date "2015.03.23"]
[Round "6.39"]
[White "Tierno De La Rosa, Juan"]
[Black "Arias, Juan Carlos"]
[Result "1/2-1/2"]
[WhiteElo "1897"]
[BlackElo "2130"]
[PlyCount "46"]
[EventDate "2015.03.19"]
[EventType "swiss"]
[EventRounds "9"]
[EventCountry "ARG"]
[Source "lmi"]
[SourceDate "2015.03.19"]

1. Nf3 c5 2. b3 Nf6 3. Bb2 e6 4. c4 d5 5. e3 Be7 6. Be2 Nc6 7. d4 O-O 8. O-O b6
9. Nbd2 Bb7 10. Rc1 Rc8 11. Qc2 Bd6 12. Qb1 Qe7 13. Rfd1 Rfd8 14. cxd5 exd5 15.
Qf5 Qe6 16. Qg5 h6 17. Qh4 Be7 18. Ne5 cxd4 19. Nxc6 Rxc6 20. Rxc6 Bxc6 21.
Qxd4 Bc5 22. Qe5 Bd6 23. Qd4 Bc5 1/2-1/2

[Event "Copa Latina 2015"]
[Site "Vicente Lopez ARG"]
[Date "2015.03.23"]
[Round "6.43"]
[White "Carraro, Denise"]
[Black "Bulcourf, Carlos"]
[Result "1-0"]
[WhiteElo "2099"]
[BlackElo "1980"]
[PlyCount "65"]
[EventDate "2015.03.19"]
[EventType "swiss"]
[EventRounds "9"]
[EventCountry "ARG"]
[Source "lmi"]
[SourceDate "2015.03.19"]

1. Nf3 b5 2. g3 Bb7 3. Bg2 c5 4. d3 e6 5. O-O Nc6 6. e4 Be7 7. Re1 Nf6 8. e5
Nd5 9. c4 Nc7 10. Nc3 Nd4 11. Nxd4 Bxg2 12. Kxg2 cxd4 13. Nxb5 Nxb5 14. cxb5
O-O 15. Qg4 f5 16. Qxd4 Qa5 17. Be3 Qxb5 18. Rec1 Qb7+ 19. Kg1 g5 20. Rc2 Rad8
21. f4 gxf4 22. Bxf4 Rc8 23. Rac1 Rxc2 24. Rxc2 Bd8 25. Qf2 Qa6 26. Be3 Qxd3
27. Bxa7 f4 28. Qe2 Qf5 29. g4 Qg6 30. Rc3 Qb1+ 31. Kg2 Qxa2 32. Bc5 f3+ 33.
Rxf3 1-0

[Event "Copa Latina 2015"]
[Site "Vicente Lopez ARG"]
[Date "2015.03.23"]
[Round "6.45"]
[White "Ueti, Silvio Shigueo"]
[Black "Alvarez, Alberto Elias"]
[Result "0-1"]
[WhiteElo "2087"]
[BlackElo "1967"]
[PlyCount "60"]
[EventDate "2015.03.19"]
[EventType "swiss"]
[EventRounds "9"]
[EventCountry "ARG"]
[Source "lmi"]
[SourceDate "2015.03.19"]

1. c4 g6 2. g3 Bg7 3. Bg2 c5 4. Nc3 Nc6 5. Nf3 Nf6 6. O-O O-O 7. d4 cxd4 8.
Nxd4 Nxd4 9. Qxd4 d6 10. Qd3 Rb8 11. Rd1 b6 12. h3 Bb7 13. e4 Nd7 14. Bd2 Rc8
15. b3 Nc5 16. Qe2 Qc7 17. Nb5 Qb8 18. Bc3 Qa8 19. Bxg7 Kxg7 20. Nc3 f5 21. Nd5
e5 22. exf5 Rxf5 23. f4 Rcf8 24. Ne3 R5f7 25. Bxb7 Qxb7 26. Rxd6 Ne4 27. Rd5
Nxg3 28. Qb2 Kg8 29. Ng4 Rxf4 30. Qxe5 Qg7 0-1

[Event "Copa Latina 2015"]
[Site "Vicente Lopez ARG"]
[Date "2015.03.23"]
[Round "6.46"]
[White "Moreno, Carlos"]
[Black "Restuccia, Francisco"]
[Result "0-1"]
[WhiteElo "1879"]
[BlackElo "2079"]
[PlyCount "74"]
[EventDate "2015.03.19"]
[EventType "swiss"]
[EventRounds "9"]
[EventCountry "ARG"]
[Source "lmi"]
[SourceDate "2015.03.19"]

1. d4 Nf6 2. c4 e5 3. dxe5 Ng4 4. Bf4 Nc6 5. Nf3 Bb4+ 6. Nbd2 Qe7 7. a3 Bc5 8.
e3 Ngxe5 9. Nxe5 Nxe5 10. b4 Bd4 11. Rb1 d6 12. Be2 Bf5 13. Rb3 Ng6 14. Bg3 Bf6
15. O-O O-O 16. e4 Bd7 17. Rb1 Bc6 18. Qc2 Rfe8 19. f3 h5 20. b5 Bd7 21. f4 h4
22. Be1 Bd4+ 23. Kh1 h3 24. g3 Be3 25. Bf3 Qf6 26. Nb3 a6 27. Bc3 Qe7 28. Rbe1
Bb6 29. Nd4 axb5 30. Nf5 Qe6 31. Bg4 Qxc4 32. Nxd6 cxd6 33. Bxd7 Re7 34. Bxh3
Rxa3 35. Rf3 b4 36. Bf1 Rxc3 37. Qd2 Qc5 0-1

[Event "Copa Latina 2015"]
[Site "Vicente Lopez ARG"]
[Date "2015.03.23"]
[Round "6.48"]
[White "Lopez, Cesar (per)"]
[Black "Amato, Leonel"]
[Result "0-1"]
[WhiteElo "1686"]
[BlackElo "2064"]
[PlyCount "63"]
[EventDate "2015.03.19"]
[EventType "swiss"]
[EventRounds "9"]
[EventCountry "ARG"]
[Source "lmi"]
[SourceDate "2015.03.19"]

1. d4 Nf6 2. Nf3 g6 3. Bf4 Bg7 4. Qc1 d6 5. h3 Nbd7 6. Bh6 O-O 7. Bxg7 Kxg7 8.
e3 e5 9. dxe5 dxe5 10. Be2 e4 11. Nfd2 h5 12. Nc3 Re8 13. b3 Qe7 14. Qb2 Qe5
15. Nc4 Qg5 16. g4 hxg4 17. hxg4 Nb6 18. Nd2 Qe5 19. f4 exf3 20. Nxf3 Qxe3 21.
g5 Nbd5 22. gxf6+ Kg8 23. Ng1 Nxc3 24. Qc1 Nxe2 25. Qxe3 Rxe3 26. Kf2 Nd4 27.
Kxe3 Nxc2+ 28. Kf4 Nxa1 29. Nf3 Nc2 30. Kg5 Be6 31. Rc1 Bd5 32. Ne5 0-1

[Event "Copa Latina 2015"]
[Site "Vicente Lopez ARG"]
[Date "2015.03.23"]
[Round "6.50"]
[White "Fuentes, Diego"]
[Black "Calens, Diego"]
[Result "0-1"]
[WhiteElo "1570"]
[BlackElo "2059"]
[PlyCount "90"]
[EventDate "2015.03.19"]
[EventType "swiss"]
[EventRounds "9"]
[EventCountry "ARG"]
[Source "lmi"]
[SourceDate "2015.03.19"]

1. e4 c5 2. Nf3 e6 3. d4 cxd4 4. Nxd4 Nf6 5. Nc3 d6 6. Bg5 Be7 7. Qd2 a6 8. Bc4
h6 9. Be3 Ng4 10. O-O Qc7 11. Bb3 Nxe3 12. Qxe3 Nc6 13. Nxc6 bxc6 14. Qg3 O-O
15. Ne2 a5 16. a4 Ba6 17. Rfe1 Bxe2 18. Rxe2 Bf6 19. Rb1 Rab8 20. Re3 Be5 21.
Qh3 c5 22. Qg4 c4 23. Ba2 Rxb2 24. Rxb2 Bxb2 25. c3 Bc1 26. Rh3 Qc5 27. Qe2 Rc8
28. Rh5 Qc7 29. g3 Bg5 30. Kg2 e5 31. f4 exf4 32. gxf4 Bxf4 33. Qg4 Bg5 34. Rh3
Rb8 35. Qe2 Rc8 36. Rf3 Qc6 37. Qc2 Re8 38. Qf2 Rxe4 39. Bb1 Rg4+ 40. Kh1 Rf4
41. Kg2 Bf6 42. Qe3 Rxf3 43. Qxf3 Qxf3+ 44. Kxf3 Bxc3 45. Ke4 Be5 0-1

[Event "Copa Latina 2015"]
[Site "Vicente Lopez ARG"]
[Date "2015.03.23"]
[Round "6.52"]
[White "Laurnagaray, Santiago"]
[Black "Franco, Gaston"]
[Result "0-1"]
[WhiteElo "1535"]
[BlackElo "2037"]
[PlyCount "48"]
[EventDate "2015.03.19"]
[EventType "swiss"]
[EventRounds "9"]
[EventCountry "ARG"]
[Source "lmi"]
[SourceDate "2015.03.19"]

1. e4 c5 2. Nf3 Nc6 3. d4 cxd4 4. Nxd4 g6 5. Nc3 Bg7 6. Be3 Nf6 7. Bc4 O-O 8.
Bb3 a5 9. f3 d5 10. Nxd5 a4 11. Bc4 Nxd5 12. Bxd5 Nxd4 13. Bxd4 Bxd4 14. Qxd4
e6 15. c4 Qa5+ 16. Qd2 Qxd2+ 17. Kxd2 f5 18. Rhf1 exd5 19. cxd5 Bd7 20. e5 Ra5
21. f4 Rxd5+ 22. Ke3 Bc6 23. g3 Rfd8 24. Rfe1 Bb5 0-1

[Event "Copa Latina 2015"]
[Site "Vicente Lopez ARG"]
[Date "2015.03.23"]
[Round "6.54"]
[White "Mafra, Kaiser Luiz"]
[Black "Cibraro, Carlos Alberto"]
[Result "1-0"]
[WhiteElo "2212"]
[BlackElo "1839"]
[PlyCount "55"]
[EventDate "2015.03.19"]
[EventType "swiss"]
[EventRounds "9"]
[EventCountry "ARG"]
[Source "lmi"]
[SourceDate "2015.03.19"]

1. e4 d5 2. exd5 Qxd5 3. Nc3 Qa5 4. d4 c6 5. Bc4 Nf6 6. Nge2 Bf5 7. O-O e6 8.
Ng3 Bg6 9. f4 Bd6 10. f5 exf5 11. Qe2+ Kd7 12. Bf4 Re8 13. Qd2 Qc7 14. Bxd6
Qxd6 15. Nxf5 Bxf5 16. Rxf5 Re7 17. h3 h6 18. Rd1 Kc7 19. b4 Nbd7 20. b5 Nb6
21. bxc6 bxc6 22. Rc5 Nxc4 23. Rxc4 Ne4 24. Nxe4 Rxe4 25. Qa5+ Kd7 26. Rb4 Re2
27. Rb7+ Ke6 28. Qh5 1-0

[Event "Copa Latina 2015"]
[Site "Vicente Lopez ARG"]
[Date "2015.03.23"]
[Round "6.56"]
[White "Boff, Andre Ricardo"]
[Black "Godoy Olazabal, Artur"]
[Result "0-1"]
[WhiteElo "1962"]
[BlackElo "2154"]
[PlyCount "105"]
[EventDate "2015.03.19"]
[EventType "swiss"]
[EventRounds "9"]
[EventCountry "ARG"]
[Source "lmi"]
[SourceDate "2015.03.19"]

1. d4 Nf6 2. Nf3 e6 3. e3 c5 4. Bd3 b6 5. O-O Bb7 6. b3 cxd4 7. exd4 g6 8. Bb2
Bg7 9. c4 O-O 10. Nc3 d6 11. Re1 Nbd7 12. a4 a6 13. Be2 Rc8 14. Ba3 Ne8 15. Qd2
Rc7 16. Rad1 Ndf6 17. h3 h6 18. Qe3 Rd7 19. Nd2 Qa8 20. Bf3 Bxf3 21. Nxf3 Qb8
22. Nd2 Kh7 23. Nde4 Ng8 24. Qg3 Ne7 25. Ne2 Qb7 26. Qf4 Nf5 27. Qf3 Nh4 28.
Qd3 f5 29. Qg3 g5 30. Nxg5+ hxg5 31. Qxg5 Bf6 32. Qh5+ Kg8 33. Nf4 Rg7 34. d5
e5 35. Ne6 Nxg2 36. Nxg7 Nxg7 37. Qg6 Nxe1 38. Rxe1 Be7 39. Kh1 Rf6 40. Qg2 Bf8
41. Rg1 b5 42. Qg5 Qf7 43. axb5 axb5 44. cxb5 Qxd5+ 45. Rg2 Kf7 46. f4 Ne6 47.
Qg8+ Ke8 48. fxe5 dxe5 49. Bxf8 Rxf8 50. Qg6+ Ke7 51. Qh7+ Rf7 52. Qh4+ Kd7 53.
Kh2 0-1

[Event "Copa Latina 2015"]
[Site "Vicente Lopez ARG"]
[Date "2015.03.23"]
[Round "6.58"]
[White "Inchausti, Pablo Ezequiel"]
[Black "Girona, Martin"]
[Result "1-0"]
[WhiteElo "2136"]
[BlackElo "1579"]
[PlyCount "73"]
[EventDate "2015.03.19"]
[EventType "swiss"]
[EventRounds "9"]
[EventCountry "ARG"]
[Source "lmi"]
[SourceDate "2015.03.19"]

1. d4 d5 2. c4 e5 3. dxe5 d4 4. Nf3 Nc6 5. a3 f6 6. exf6 Nxf6 7. e3 Bg4 8. h3
Bxf3 9. Qxf3 Qd7 10. h4 h5 11. Be2 O-O-O 12. b3 Ng4 13. Qd5 Qxd5 14. cxd5 Rxd5
15. e4 Rd8 16. Bg5 Re8 17. f3 Nge5 18. f4 Nf7 19. e5 Nxg5 20. hxg5 g6 21. Bd3
Ne7 22. Nd2 Bg7 23. Nf3 c5 24. Rc1 Kb8 25. Rxc5 Bf8 26. Rc4 Rd8 27. b4 b5 28.
Rxd4 Rxd4 29. Nxd4 a6 30. g4 Bg7 31. gxh5 gxh5 32. Ne6 Bf8 33. Be4 h4 34. O-O
h3 35. Kh2 Nc8 36. Nxf8 Rxf8 37. f5 1-0

[Event "Copa Latina 2015"]
[Site "Vicente Lopez ARG"]
[Date "2015.03.23"]
[Round "6.60"]
[White "Nejanky, Maisa"]
[Black "Coro, Lucas"]
[Result "*"]
[WhiteElo "2062"]
[BlackElo "1637"]
[PlyCount "33"]
[EventDate "2015.03.19"]
[EventType "swiss"]
[EventRounds "9"]
[EventCountry "ARG"]
[Source "lmi"]
[SourceDate "2015.03.19"]

1. e4 c5 2. Nf3 e6 3. Nc3 Nc6 4. d4 cxd4 5. Nxd4 Qc7 6. Be3 a6 7. Bd3 Nf6 8.
Nb3 b5 9. f4 d6 10. Qf3 Bb7 11. O-O Be7 12. a3 O-O 13. Qh3 Rfe8 14. Rae1 Rab8
15. g4 Bc8 16. e5 dxe5 17. g5 *

[Event "Copa Latina 2015"]
[Site "Vicente Lopez ARG"]
[Date "2015.03.23"]
[Round "6.61"]
[White "Martin, Luis Jacinto"]
[Black "Kapitanchuk, Tomas"]
[Result "0-1"]
[WhiteElo "1848"]
[BlackElo "2031"]
[PlyCount "66"]
[EventDate "2015.03.19"]
[EventType "swiss"]
[EventRounds "9"]
[EventCountry "ARG"]
[Source "lmi"]
[SourceDate "2015.03.19"]

1. Nf3 Nf6 2. g3 e6 3. Bg2 d5 4. O-O Be7 5. c4 dxc4 6. Qc2 c5 7. Ne5 Nbd7 8.
Nxc4 Rb8 9. a4 Nd5 10. d3 N7f6 11. Nba3 b6 12. Bd2 Bb7 13. Rad1 Nb4 14. Qb1
Bxg2 15. Kxg2 a6 16. Bc3 b5 17. Ne5 Nbd5 18. e4 Nxc3 19. bxc3 Qc7 20. f4 c4 21.
Qa1 cxd3 22. Rxd3 Nxe4 23. axb5 Nc5 24. Rdd1 axb5 25. Nc2 O-O 26. Nd4 Rb6 27.
Qa2 Ne4 28. Qa5 Nxc3 29. Rc1 Qb7+ 30. Kh3 b4 31. Qa1 Ra8 32. Qb2 Ra2 33. Qb3
Qg2+ 0-1

[Event "Copa Latina 2015"]
[Site "Vicente Lopez ARG"]
[Date "2015.03.23"]
[Round "6.12"]
[White "Quiroga, Facundo"]
[Black "Perez Ponsa, Federico"]
[Result "0-1"]
[WhiteElo "2261"]
[BlackElo "2540"]
[PlyCount "118"]
[EventDate "2015.03.19"]
[EventType "swiss"]
[EventRounds "9"]
[EventCountry "ARG"]
[Source "lmi"]
[SourceDate "2015.03.19"]

1. d4 Nf6 2. c4 g6 3. Nc3 Bg7 4. e4 d6 5. Nf3 O-O 6. Be2 c6 7. O-O e5 8. Re1
exd4 9. Nxd4 Re8 10. Bf1 Qb6 11. Nb3 Ng4 12. Qc2 Na6 13. h3 Ne5 14. Be3 Qc7 15.
Nd4 Nc5 16. Rad1 a5 17. Qd2 Qe7 18. Bg5 Qf8 19. Nb3 Bxh3 20. f4 Bg4 21. fxe5
Bxd1 22. Rxd1 Bxe5 23. Nd4 Qg7 24. Be3 Qf6 25. Qf2 Qxf2+ 26. Bxf2 a4 27. Be2
Ra6 28. a3 Rb6 29. Rd2 Bf4 30. Rc2 Ra6 31. g3 Bh6 32. Bf3 Nd3 33. Kg2 Ra5 34.
Nd1 Bg7 35. Rd2 Nxf2 36. Kxf2 Rc5 37. Ne3 h5 38. Ne2 Ra8 39. Nf4 Rg5 40. Rc2
Ra6 41. Rd2 Rb6 42. Nd1 Be5 43. Ne2 Rb3 44. Rc2 Bf6 45. Ndc3 h4 46. Nxa4 hxg3+
47. Kg2 Kg7 48. Nac3 Rb6 49. Rd2 Be5 50. Nd1 Ra6 51. Ne3 Rb6 52. Nd1 Kf8 53.
Rc2 Ke7 54. Rd2 f5 55. exf5 gxf5 56. b4 Ra6 57. Rd3 Ra8 58. Ne3 Rh8 59. Nf1 Rh4
0-1

[Event "Copa Latina 2015"]
[Site "Vicente Lopez ARG"]
[Date "2015.03.23"]
[Round "6.16"]
[White "Molina, Pablo Sebastian"]
[Black "Dos Santos, Ramiro"]
[Result "1/2-1/2"]
[WhiteElo "2115"]
[BlackElo "2431"]
[PlyCount "99"]
[EventDate "2015.03.19"]
[EventType "swiss"]
[EventRounds "9"]
[EventCountry "ARG"]
[Source "lmi"]
[SourceDate "2015.03.19"]

1. e4 e5 2. Nf3 Nc6 3. Bb5 g6 4. d4 exd4 5. Nxd4 Bg7 6. c3 Nf6 7. O-O O-O 8. f3
Nxd4 9. cxd4 d5 10. e5 Nd7 11. Nc3 c5 12. f4 cxd4 13. Qxd4 Nb6 14. a4 Be6 15.
a5 Nd7 16. Nxd5 Nxe5 17. fxe5 Qxd5 18. Qxd5 Bxd5 19. Bf4 a6 20. Ba4 Rac8 21.
Rac1 h6 22. Bd7 Rxc1 23. Rxc1 f5 24. Bg3 Rd8 25. Rc7 Bf8 26. Be1 Bc5+ 27. Rxc5
Rxd7 28. Rc2 Be6 29. Rd2 Rc7 30. Rd8+ Kh7 31. Bc3 Rc4 32. Rd4 Rc5 33. Rd8 h5
34. Kf2 h4 35. g3 hxg3+ 36. hxg3 Rc4 37. Rd4 Rc8 38. g4 Kg7 39. Kg1 Rh8 40. Be1
Rh3 41. Kg2 Re3 42. Bc3 Re2+ 43. Kg3 Rc2 44. Rd1 Re2 45. Re1 Rc2 46. Rd1 Kh7
47. Rh1+ Kg7 48. Rf1 Re2 49. Re1 Rc2 50. Rf1 1/2-1/2

[Event "Copa Latina 2015"]
[Site "Vicente Lopez ARG"]
[Date "2015.03.23"]
[Round "6.21"]
[White "Escalante Ramirez, Brian Sebas"]
[Black "Bernal, Gustavo"]
[Result "0-1"]
[WhiteElo "2365"]
[BlackElo "2132"]
[PlyCount "70"]
[EventDate "2015.03.19"]
[EventType "swiss"]
[EventRounds "9"]
[EventCountry "ARG"]
[Source "lmi"]
[SourceDate "2015.03.19"]

1. e4 c5 2. Nf3 d6 3. d4 cxd4 4. Nxd4 Nf6 5. Nc3 a6 6. Be2 e5 7. Nf3 h6 8. h3
Be6 9. O-O Be7 10. Re1 O-O 11. Nh2 Nc6 12. Ng4 b5 13. Nxf6+ Bxf6 14. Nd5 Bg5
15. Bxg5 Qxg5 16. Bg4 Bxd5 17. exd5 Ne7 18. c3 f5 19. Be2 Ng6 20. Bf1 Nf4 21.
Kh1 Rf6 22. Qf3 e4 23. Qg3 Qxg3 24. fxg3 Nxd5 25. a4 Rb8 26. axb5 axb5 27. g4
g6 28. gxf5 gxf5 29. g4 Nf4 30. gxf5 d5 31. Ra5 Rxf5 32. Rxb5 Rxb5 33. Bxb5
Nxh3 34. Bd7 Rh5 35. Bg4 Nf2+ 0-1

[Event "Copa Latina 2015"]
[Site "Vicente Lopez ARG"]
[Date "2015.03.23"]
[Round "6.22"]
[White "Quirhuayo, Gonzalo"]
[Black "Blit, Jacques"]
[Result "0-1"]
[WhiteElo "2140"]
[BlackElo "2325"]
[PlyCount "150"]
[EventDate "2015.03.19"]
[EventType "swiss"]
[EventRounds "9"]
[EventCountry "ARG"]
[Source "lmi"]
[SourceDate "2015.03.19"]

1. e4 c5 2. Nf3 Nc6 3. d4 cxd4 4. Nxd4 g6 5. Nc3 Bg7 6. Be3 Nf6 7. Bc4 Qa5 8.
O-O O-O 9. Bb3 d6 10. Nd5 Nxd5 11. exd5 Ne5 12. h3 Qa6 13. Re1 Bd7 14. Bd2 Rfe8
15. Bc3 Nc4 16. Qd3 Rac8 17. Re2 b5 18. Rae1 Bf6 19. Nf3 Bf5 20. Qd1 Nxb2 21.
Bxb2 Bxb2 22. Rxe7 Rxe7 23. Rxe7 Bf6 24. Re3 Qb6 25. Qe2 Kf8 26. g4 Bd7 27. Re4
a5 28. Rf4 Bd8 29. a3 Qc5 30. Nd4 Bg5 31. Qf3 Bxf4 32. Qxf4 Ke7 33. g5 Kd8 34.
Qf6+ Kc7 35. c3 Be8 36. Qe7+ Kb6 37. Nc6 Bxc6 38. dxc6 Rc7 39. Qd8 Qxc6 40.
Qb8+ Rb7 41. Qd8+ Qc7 42. Qf6 a4 43. Bd5 Rb8 44. h4 Re8 45. Bxf7 Re5 46. Bg8
Rf5 47. Qd4+ Qc5 48. Qd2 Qe5 49. Bxh7 Rf4 50. Bxg6 Rxh4 51. Bd3 Rg4+ 52. Kf1
Qxg5 53. Qxg5 Rxg5 54. Ke1 Rg1+ 55. Bf1 Kc5 56. f3 Rh1 57. Kf2 Rh2+ 58. Bg2 Kc4
59. Kg3 Rh8 60. Bf1+ Kxc3 61. Bxb5 Kb3 62. f4 Kxa3 63. f5 Kb4 64. Bc6 a3 65.
Bd5 Kc3 66. Kg4 Kb2 67. f6 a2 68. Bxa2 Kxa2 69. Kf5 d5 70. Ke5 Rd8 71. f7 d4
72. Ke6 d3 73. Ke7 Ra8 74. f8=Q Rxf8 75. Kxf8 Kb3 0-1

[Event "Copa Latina 2015"]
[Site "Vicente Lopez ARG"]
[Date "2015.03.23"]
[Round "6.23"]
[White "Palmero, Pablo"]
[Black "Perez, Maximiliamo"]
[Result "1/2-1/2"]
[WhiteElo "2104"]
[BlackElo "2271"]
[PlyCount "114"]
[EventDate "2015.03.19"]
[EventType "swiss"]
[EventRounds "9"]
[EventCountry "ARG"]
[Source "lmi"]
[SourceDate "2015.03.19"]

1. d4 Nf6 2. c4 g6 3. Nc3 Bg7 4. e4 d6 5. Nf3 O-O 6. Be2 e5 7. O-O Nc6 8. d5
Ne7 9. b4 a5 10. Ba3 b6 11. bxa5 Rxa5 12. Bb4 Ra8 13. a4 Re8 14. a5 c5 15. dxc6
Nxc6 16. Bxd6 Nd4 17. Nxd4 exd4 18. Nb5 Nxe4 19. Bf3 Rxa5 20. Rxa5 bxa5 21. Bc7
Qd7 22. Bxa5 Nc3 23. Qb3 Nxb5 24. cxb5 Bb7 25. Bxb7 Qxb7 26. h3 Re5 27. Rb1 Rg5
28. f3 Re5 29. Qc4 Bf8 30. Be1 Bc5 31. Bb4 Bb6 32. Bd6 d3+ 33. Kh2 Rd5 34. Qc6
Qxc6 35. bxc6 Rxd6 36. Rxb6 d2 37. c7 d1=Q 38. c8=Q+ Rd8 39. Qc7 Qd5 40. Rb8
Rxb8 41. Qxb8+ Kg7 42. Qb2+ f6 43. Qb6 Qe5+ 44. Kg1 h5 45. Qb4 g5 46. h4 Kg6
47. hxg5 fxg5 48. Qb6+ Kf5 49. Kf2 h4 50. Qb1+ Kf6 51. Qb6+ Kg7 52. Qb7+ Kh6
53. Qd7 Qb2+ 54. Kg1 Qc1+ 55. Kf2 Qc5+ 56. Kf1 Qe5 57. Kf2 Qc5+ 1/2-1/2